000 00899nam a2200241Ia 4500
003 GCL
005 20240530104444.0
008 140319s9999 xx 000 0 ara d
017 _a9600/96
_bمصر . دار الكتب المصرية
020 _a9770302481
040 _aGCL /
_cGCL
082 0 4 _a551.45
_bم ا
100 1 _aمحمد مجدى تراب
245 1 0 _aاشكال السواحل المصورة :
_bدراسة لاهم الظاهرات الجيومورفولوجية للسواحل البحرية /
_cمحمد مجدى تراب
260 _aالاسكندرية :
_bمنشأة المعارف ،
_c1996
300 _a158 ص :
_b صور ؛
_c24 سم
650 0 4 _aالجغرافيا الطبيعية
650 0 4 _aالجيومورفولوجيا
650 0 4 _aالسواحل
650 0 4 _aالسواحل - تأكل
650 0 4 _aالسواحل - حماية
942 _2ddc
_cBK
999 _c47827
_d47827